Normale Ansicht MARC-Ansicht ISBD

Umbau im City Park Hotel (Titelsatznr. 373658)

[ MARC ]
MARC-Details
000 -Satzkennung
Kontrollfeld mit fester Länge 00662nab a2200193 4500
001 - Kontrollnummer
Kontrollfeld 244442
003 - Kontrollnummer Identifier
Kontrollfeld OSt
005 - Datum und Zeit der letzten Transaktion
Kontrollfeld 20250324103532.0
007 - Feld mit fester Länge zur physischen Beschreibung - Allgemeine Information
Kontrollfeld mit fester Länge tu
008 - Feld mit fester Länge zur physischen Beschreibung - Allgemeine Angaben
Kontrollfeld mit fester Länge 200917s2020|||||||
040 ## - Katalogisierungsquelle
Original-Katalogisierungsstelle DE-2950
Übertragungsstelle DE-2950
245 00 - Titel
Titel Umbau im City Park Hotel
Zusatz zum Titel Bauarbeiten. Aktuell läuft eine umfassende Modernisierung. Was alles geplant ist und wie sich das Gästehaus künftig stärker für alle Frankfurter öffnen will/
Verfasserangabe etc. René Matschkowiak
264 ## - Produktion, Veröffentlichung, Distribution, Herstellung und Urheberrechtsvermerk
Datum der Herstellung, der Veröffentlichung, des Vertriebs oder des Urheberschutzvermerks 2024
653 ## - Indexierungsterm - Nicht normiert
Nicht-normierter Term Frankfurt (Oder)
653 ## - Indexierungsterm - Nicht normiert
Nicht-normierter Term City Park Hotel
653 ## - Indexierungsterm - Nicht normiert
Nicht-normierter Term Modernisierung
773 0# - Übergeordnete Einheit
Verknüpfungsangaben 36. Jahrgang (2025) Nr. 67 vom 20.03.2025, S. 15 mit Foto
Titel Märkische Oderzeitung
942 ## - Zusätzliche Felder (Koha)
Klassifikation oder Aufstellungssystematik Andere/Generische Klassifikation
Koha-Medientyp Aufsätze
Exemplare
Ausgeschieden Verloren Klassifikation oder Aufstellungssystematik Beschädigt Nicht entleihbar Heimatbibliothek Aufenthaltsbibliothek Aufstellungsort Erwerbungsdatum Anzahl Ausleihen Signatur Letzte Aktivität Preis gültig von Koha-Medientyp
    Andere/Generische Klassifikation     Stadtarchiv Frankfurt (Oder) | Archivbibliothek Stadtarchiv Frankfurt (Oder) | Archivbibliothek Magazin 24/03/2025   Z2 24/03/2025 24/03/2025 Aufsätze